Вера, Надежда, Виктория: роман

গ্রন্থ-পঞ্জীর বিবরন
প্রধান লেখক: Гольман И. Иосиф
সংক্ষিপ্ত:Вера, Надежда, Виктория — мать, дочь и внучка. По-мужски решительные и при этом — невероятно женственные. Врач, бизнесвумен, студентка — вокруг них всегда собираются самые достойные, самые порядочные и преданные люди. Иногда — чтобы разделить радость. Иногда — чтобы помочь в трудную минуту. Вот и сейчас, когда им угрожает нешуточная опасность, их друзья не задумываясь принимают вызов и вступают в игру — опасную и жестокую. Эти три женщины — из тех, ради кого мужчины рискуют собой не задумываясь. Рискуют во имя веры надежды и — любви."
ভাষা:রুশ
প্রকাশিত: Москва, Эксмо, 2011
মালা:Мужской взгляд. Проза И. Гольмана
বিষয়গুলি:
বিন্যাস: গ্রন্থ
KOHA link:https://koha.lib.tpu.ru/cgi-bin/koha/opac-detail.pl?biblionumber=213773

MARC

LEADER 00000nam0a2200000 4500
001 213773
005 20231031193405.0
010 |a 9785699511518 
035 |a (RuTPU)RU\TPU\book\233603 
035 |a RU\TPU\book\233599 
090 |a 213773 
100 |a 20120418d2011 m y0rusy50 ca 
101 0 |a rus 
102 |a RU 
105 |a y z 000ay 
200 1 |a Вера, Надежда, Виктория  |e роман  |f И. Гольман 
210 |a Москва  |c Эксмо  |d 2011 
215 |a 411 с. 
225 1 |a Мужской взгляд. Проза И. Гольмана 
330 |a Вера, Надежда, Виктория — мать, дочь и внучка. По-мужски решительные и при этом — невероятно женственные. Врач, бизнесвумен, студентка — вокруг них всегда собираются самые достойные, самые порядочные и преданные люди. Иногда — чтобы разделить радость. Иногда — чтобы помочь в трудную минуту. Вот и сейчас, когда им угрожает нешуточная опасность, их друзья не задумываясь принимают вызов и вступают в игру — опасную и жестокую. Эти три женщины — из тех, ради кого мужчины рискуют собой не задумываясь. Рискуют во имя веры надежды и — любви." 
610 1 |a русская литература 
610 1 |a романы 
610 1 |a психологическая проза 
675 |a Р2  |v 3 
700 1 |a Гольман  |b И.  |g Иосиф 
801 1 |a RU  |b 63413507  |c 20120227 
801 2 |a RU  |b 63413507  |c 20120428  |g RCR 
942 |c BK